| 000 | 00996cam a22002657a 4500 | ||
|---|---|---|---|
| 020 | _a9789251070826 | ||
| 020 | _a9251070822 | ||
| 040 | _cAGL | ||
| 082 | _a334 FAO 2011 C146 Or. | ||
| 245 | 0 | 0 |
_aClimate change mitigation finance for smallholder agriculture : _ba guide book to harvesting soil carbon sequestration benefits / |
| 246 | 1 | _aGuide book to harvesting soil carbon sequestration benefits | |
| 246 | 1 | _aGuidebook to harvesting soil carbon sequestration benefits | |
| 260 |
_aRome, Italy : _bFAO, _c[2011] |
||
| 300 |
_a83 p. : _bill. (chiefly col.) ; _c30 cm. |
||
| 500 | _a"November 2011." | ||
| 650 | 0 | _aClimatic changes | |
| 650 | 0 | _aClimate change mitigation | |
| 650 | 0 | _aCarbon sequestration | |
| 650 | 0 | _aCarbon sequestration | |
| 650 | 0 | _aFarms, Small | |
| 700 | 1 | _aLipper, Leslie. | |
| 710 | 2 | _aFood and Agriculture Organization of the United Nations. | |
| 856 | 4 | 1 | _uhttp://www.fao.org/climatechange/29763-0daebeae838c70f713da780982f16e8d9.pdf |
| 942 | _cAEDBB | ||
| 999 |
_c20991 _d20991 |
||